Loading...
Red roses from Texas. /
| Main Author: | |
|---|---|
| Language: | Undetermined |
| Published: |
1964.
|
| LEADER | 00367nam a2200121Ia 4500 | ||
|---|---|---|---|
| 001 | 99989 | ||
| 008 | 170722s9999 xx 000 0 und d | ||
| 100 | |a Gun, Nerin E. | ||
| 245 | |a Red roses from Texas. / | ||
| 260 | |c 1964. | ||
| 942 | |c GEN | ||
| 999 | |c 64799 |d 64799 | ||
| 952 | |0 1 |1 0 |4 0 |6 V_731WN17_K4_GB |7 0 |9 92034 |a LIB |b LIB |d 2017-08-12 |o V73,1wN17 K4 (GB) |p 103087 |r 2017-08-12 |w 2017-08-12 |y GEN | ||